000
00216nam a22000977a 4500
008
170126b xxu||||| |||| 00| 0 eng d
041
_a
eng
080
_a
61
245
_a
CASE-BASED MEDICINE
_c
LACY, B.E
942
_2
udc
_c
BK
999
_c
3708
_d
3708